| 000 | 00456nam a2200157Ia 4500 | ||
|---|---|---|---|
| 008 | 160316s1997 xxu||||| |||| 00| 0 eng d | ||
| 082 |
_a341.762000 _bCOM |
||
| 100 | _a | ||
| 245 | _aCompliance with international environmental treaties: The empirical evidence | ||
| 250 | _a | ||
| 260 |
_a _bASIL Proceedings _c1997 |
||
| 300 |
_a22 _b _c |
||
| 365 | _b | ||
| 650 | _a1. International environmental treaties - law 2. Biological diversity | ||
| 700 |
_a _a |
||
| 999 |
_c37377 _d37377 |
||